The construction plant manager (Record no. 38553)

MARC details
000 -LEADER
fixed length control field 00468nam a2200133 a 4500
008 - FIXED-LENGTH DATA ELEMENTS--GENERAL INFORMATION
fixed length control field 120416s1970 ||||||||||||||||| || u
050 ## - LIBRARY OF CONGRESS CALL NUMBER
Classification number TS 155.4 Luc
100 ## - MAIN ENTRY--PERSONAL NAME
Personal name Luck, Eddie
245 14 - TITLE STATEMENT
Title The construction plant manager
260 ## - PUBLICATION, DISTRIBUTION, ETC.
Place of publication, distribution, etc. London
Name of publisher, distributor, etc. Tom Stacey
Date of publication, distribution, etc. 1970
300 ## - PHYSICAL DESCRIPTION
Extent vii, 224p. : ill.
350 ## - PRICE (NR) (BK AM CF MU VM SE) [OBSOLETE]
Price 0.00
995 ## - RECOMMENDATION 995 [LOCAL, UNIMARC FRANCE]
-- 0.00
-- CBU-MAIN LIBRARY (Kitwe)
-- 1
-- 3.00
-- AVAILABLE
-- Main Library Open Access Collection
Holdings
Withdrawn status Lost status Source of classification or shelving scheme Damaged status Not for loan Home library Current library Shelving location Date acquired Total Checkouts Full call number Barcode Date last seen Price effective from Koha item type
          CBU-MAIN LIBRARY, KITWE. CBU-MAIN LIBRARY, KITWE.   11/30/2022   TS 155.4 Luc 015905 11/30/2022 11/30/2022 MONOGRAPH